[Event "Kilkenny Masters"]
[Site "Kilkenny"]
[Date "2023.11.26"]
[Round "5"]
[White "Trent, Lawrence"]
[Black "Cornette, Matthieu"]
[Result "1/2-1/2"]
[WhiteElo "2406"]
[BlackElo "2588"]
[PlyCount "30"]
[EventDate "2023.11.24"]
[EventType "swiss"]
[EventRounds "6"]
[EventCountry "IRL"]
[SourceTitle "CB49_2023"]
[SourceDate "2023.12.06"]
[SourceVersion "1"]
[SourceVersionDate "2023.12.06"]
[SourceQuality "1"]

1. d4 d5 2. Bf4 c5 3. Nc3 Nf6 4. e3 cxd4 5. exd4 a6 6. Nf3 Nc6 7. Ne5 e6 8. Nxc6 bxc6 9. Na4 Bd6 10. Bxd6 Qxd6 11. Be2 0-0 12. 0-0 a5 13. Re1 Ba6 14. Bxa6 Rxa6 15. Nc5 Raa8 1/2-1/2

[Event "I'M Not A GM Final KO"]
[Site "Chess.com INT"]
[Date "2023.10.16"]
[Round "1.3"]
[White "Shuvalova, Polina"]
[Black "Trent, Lawrence"]
[Result "1-0"]
[WhiteElo "2506"]
[BlackElo "2403"]
[PlyCount "113"]
[EventDate "2023.10.16"]
[EventType "k.o. (blitz)"]
[EventRounds "2"]
[EventCountry "USA"]
[SourceTitle "Mega2024 Update 01"]
[Source "Chessbase"]
[SourceDate "2023.11.12"]
[SourceVersion "1"]
[SourceVersionDate "2023.11.12"]
[SourceQuality "1"]

1. e4 e6 2. d4 d5 3. Nd2 a6 4. Bd3 c5 5. dxc5 Bxc5 6. Ngf3 Nc6 7. 0-0 Nge7 8. exd5 exd5 9. Nb3 Ba7 10. c3 0-0 11. Re1 Bf5 12. Be3 Bb8 13. Bc5 Bd6 14. Bxf5 Nxf5 15. Qd3 g6 16. Rad1 Bxc5 17. Nxc5 Qa5 18. Qxd5 Rfd8 19. Nd7 Qxd5 20. Rxd5 Kg7 21. Red1 b5 22. g4 Nfe7 23. Rd6 Na5 24. Nde5 Rxd6 25. Rxd6 Ra7 26. Kg2 f6 27. Nd3 Nc4 28. Rd8 g5 29. Nd4 Ng6 30. h3 Nge5 31. Nxe5 Nxe5 32. f4 gxf4 33. Ne6+ Kf7 34. Nxf4 Nc4 35. b3 Ne5 36. Rd6 a5 37. Nd5 a4 38. Rxf6+ Kg7 39. Rf5 Nd3 40. Nf4 Nc1 41. Ne6+ Kg6 42. h4 h6 43. h5+ Kh7 44. bxa4 bxa4 45. a3 Ne2 46. c4 Nc3 47. c5 Nb1 48. Rf3 Nd2 49. Rd3 Nc4 50. c6 Ne5 51. Rc3 Ra8 52. c7 Rc8 53. Kg3 Kg8 54. Kf4 Nf7 55. Kf5 Nd6+ 56. Kg6 Ne4 57. Rc6 1-0

[Event "I'M Not A GM Final KO"]
[Site "Chess.com INT"]
[Date "2023.10.16"]
[Round "1.5"]
[White "Shuvalova, Polina"]
[Black "Trent, Lawrence"]
[Result "0-1"]
[WhiteElo "2506"]
[BlackElo "2403"]
[PlyCount "120"]
[EventDate "2023.10.16"]
[EventType "k.o. (blitz)"]
[EventRounds "2"]
[EventCountry "USA"]
[SourceTitle "Mega2024 Update 01"]
[Source "Chessbase"]
[SourceDate "2023.11.12"]
[SourceVersion "1"]
[SourceVersionDate "2023.11.12"]
[SourceQuality "1"]

1. e4 c6 2. d4 d5 3. exd5 cxd5 4. Bd3 Nc6 5. c3 g6 6. Bf4 Bg7 7. Nd2 Nf6 8. Qc2 Nh5 9. Be3 Qc7 10. Ne2 0-0 11. 0-0 e5 12. dxe5 Nxe5 13. Bd4 Re8 14. Rae1 Nxd3 15. Qxd3 Bf5 16. Qb5 a6 17. Qxd5 Rxe2 18. Rxe2 Nf4 19. Qf3 Nxe2+ 20. Qxe2 Bxd4 21. cxd4 Qc2 22. Re1 Qxb2 23. Nf3 Qxe2 24. Rxe2 Be6 25. a4 Rc8 26. h3 Rc1+ 27. Kh2 Ra1 28. Re5 Rxa4 29. d5 Bf5 30. d6 Kf8 31. g4 Be6 32. Ng5 Ra2 33. Kg3 Rd2 34. Ne4 Rd3+ 35. Kf4 Rd5 36. Rxd5 Bxd5 37. Nf6 Bc6 38. Ke5 h6 39. Nh7+ Kg7 40. Nf6 Kf8 41. Nh7+ Ke8 42. Nf6+ Kd8 43. Kd4 g5 44. Kc5 a5 45. Ng8 a4 46. Kb4 b5 47. Nxh6 Bd5 48. Nf5 Kd7 49. h4 gxh4 50. Nxh4 Kxd6 51. Nf5+ Ke5 52. Ne3 Bc6 53. Nc2 Ke4 54. Na3 Kf4 55. Nc2 Kxg4 56. Nd4 Bd7 57. Nc2 Kf3 58. Kc5 Kxf2 59. Kd6 Be6 60. Kc5 Bc4 0-1

[Event "I'M Not A GM Final KO"]
[Site "Chess.com INT"]
[Date "2023.10.16"]
[Round "1.15"]
[White "Shuvalova, Polina"]
[Black "Trent, Lawrence"]
[Result "1-0"]
[WhiteElo "2506"]
[BlackElo "2403"]
[PlyCount "139"]
[EventDate "2023.10.16"]
[EventType "k.o. (blitz)"]
[EventRounds "2"]
[EventCountry "USA"]
[SourceTitle "Mega2024 Update 01"]
[Source "Chessbase"]
[SourceDate "2023.11.12"]
[SourceVersion "1"]
[SourceVersionDate "2023.11.12"]
[SourceQuality "1"]

1. e4 b6 2. d4 Bb7 3. Nc3 e6 4. Bd3 Nf6 5. Nf3 Bb4 6. Qe2 d5 7. e5 Ne4 8. Bd2 Nxd2 9. Qxd2 0-0 10. 0-0 f6 11. a3 Bxc3 12. bxc3 Nd7 13. Rae1 f5 14. g3 c5 15. h4 Rc8 16. a4 Qc7 17. Ra1 Nb8 18. a5 Nc6 19. axb6 axb6 20. Kg2 Na5 21. h5 Nc4 22. Qg5 h6 23. Qf4 Nb2 24. Bb5 cxd4 25. cxd4 Qxc2 26. Bd7 Nd3 27. Bxe6+ Kh8 28. Qh4 Rce8 29. Bd7 f4 30. Bxe8 Rxe8 31. Ne1 Qe2 32. Nxd3 f3+ 33. Kh2 Qxd3 34. Qf4 Kg8 35. Rad1 Qe2 36. Rde1 Qd3 37. Qe3 Qf5 38. Rh1 Qxh5+ 39. Kg1 Qf5 40. e6 Bc8 41. e7 Kf7 42. Rh4 Kg8 43. Qe5 Qf7 44. Rf4 Qg6 45. Qxd5+ Kh7 46. Qxf3 Bd7 47. Rf8 Bc6 48. d5 Bd7 49. Rxe8 Bxe8 50. Qe4 b5 51. Qxg6+ Kxg6 52. d6 Kf6 53. f4 b4 54. Kf2 g5 55. Rb1 gxf4 56. gxf4 Ke6 57. Rxb4 Kxd6 58. Re4 Kd7 59. Kg3 Bg6 60. Re5 Bf7 61. Kh4 Be8 62. Kg4 Bf7 63. Kf5 Kd6 64. Kf6 Be8 65. Re3 h5 66. Kg7 h4 67. Kf8 Bh5 68. e8Q Bxe8 69. Kxe8 h3 70. Rxh3 1-0

[Event "I'M Not A GM Final KO"]
[Site "Chess.com INT"]
[Date "2023.10.16"]
[Round "1.23"]
[White "Shuvalova, Polina"]
[Black "Trent, Lawrence"]
[Result "1-0"]
[WhiteElo "2506"]
[BlackElo "2403"]
[PlyCount "89"]
[EventDate "2023.10.16"]
[EventType "k.o. (blitz)"]
[EventRounds "2"]
[EventCountry "USA"]
[SourceTitle "Mega2024 Update 01"]
[Source "Chessbase"]
[SourceDate "2023.11.12"]
[SourceVersion "1"]
[SourceVersionDate "2023.11.12"]
[SourceQuality "1"]

1. e4 b6 2. d4 Bb7 3. Nc3 e6 4. Bd3 Bb4 5. Bd2 Nf6 6. Qe2 Bxc3 7. Bxc3 d5 8. e5 Ne4 9. Nf3 0-0 10. 0-0 Nd7 11. Bd2 f5 12. exf6 Qxf6 13. c3 Rae8 14. Rae1 e5 15. dxe5 Nxe5 16. Nxe5 Rxe5 17. f3 Nxd2 18. Qxe5 Qxe5 19. Rxe5 Nxf1 20. Kxf1 g6 21. Kf2 Kf7 22. b4 c6 23. Ke3 Kf6 24. f4 h6 25. h4 Rf7 26. g3 c5 27. bxc5 bxc5 28. Bc2 Re7 29. Rxe7 Kxe7 30. Bxg6 Kf6 31. Bd3 Bc8 32. Be2 Be6 33. Bf3 d4+ 34. cxd4 cxd4+ 35. Kxd4 Bxa2 36. g4 a5 37. Be4 Be6 38. g5+ Kg7 39. f5 Bg8 40. f6+ Kh8 41. g6 Be6 42. g7+ Kg8 43. Bd5 Bf7 44. Bxf7+ Kxf7 45. Kc4 1-0

[Event "I'M Not A GM Final KO"]
[Site "Chess.com INT"]
[Date "2023.10.16"]
[Round "1.10"]
[White "Trent, Lawrence"]
[Black "Shuvalova, Polina"]
[Result "0-1"]
[WhiteElo "2403"]
[BlackElo "2506"]
[PlyCount "94"]
[EventDate "2023.10.16"]
[EventType "k.o. (blitz)"]
[EventRounds "2"]
[EventCountry "USA"]
[SourceTitle "Mega2024 Update 01"]
[Source "Chessbase"]
[SourceDate "2023.11.12"]
[SourceVersion "1"]
[SourceVersionDate "2023.11.12"]
[SourceQuality "1"]

1. e4 e5 2. Nf3 Nc6 3. Nc3 Nf6 4. a3 Bc5 5. Nxe5 Nxe5 6. d4 Bd6 7. f4 Nc6 8. e5 Be7 9. exf6 Bxf6 10. d5 Ne7 11. Bd3 d6 12. 0-0 Bxc3 13. bxc3 Bf5 14. c4 Qd7 15. Bb2 0-0-0 16. Bxg7 Rhg8 17. Bf6 Rde8 18. Bxe7 Rxe7 19. Bxf5 Qxf5 20. Qd3 Qg4 21. Rf2 h5 22. Rb1 b6 23. c5 dxc5 24. d6 Rd7 25. Qa6+ Kb8 26. dxc7+ Rxc7 27. a4 Rd7 28. Qf1 Rgd8 29. Re1 Rd1 30. Rfe2 Rxe1 31. Qxe1 Qxf4 32. a5 Qd4+ 33. Kf1 Rd6 34. Re8+ Kb7 35. Re7+ Ka6 36. Rxf7 Qc4+ 37. Qe2 Qxe2+ 38. Kxe2 bxa5 39. Rf5 Kb5 40. Rxh5 a4 41. Rh3 Kb4 42. Rh4+ c4 43. Rh7 a6 44. Rb7+ Kc3 45. g4 a3 46. Rb1 Kxc2 47. Ra1 Kb2 0-1

[Event "I'M Not A GM Final KO"]
[Site "Chess.com INT"]
[Date "2023.10.16"]
[Round "1.16"]
[White "Trent, Lawrence"]
[Black "Shuvalova, Polina"]
[Result "1/2-1/2"]
[WhiteElo "2403"]
[BlackElo "2506"]
[PlyCount "120"]
[EventDate "2023.10.16"]
[EventType "k.o. (blitz)"]
[EventRounds "2"]
[EventCountry "USA"]
[SourceTitle "Mega2024 Update 01"]
[Source "Chessbase"]
[SourceDate "2023.11.12"]
[SourceVersion "1"]
[SourceVersionDate "2023.11.12"]
[SourceQuality "1"]

1. d4 Nf6 2. c4 e6 3. Nc3 d5 4. cxd5 Nxd5 5. Nf3 c5 6. e3 Nc6 7. Bd3 cxd4 8. exd4 Be7 9. 0-0 0-0 10. Qe2 Nf6 11. Rd1 b6 12. Ng5 h6 13. Nge4 Bb7 14. Nxf6+ Bxf6 15. Qe4 g6 16. Bxh6 Bg7 17. Bxg7 Kxg7 18. Ba6 Bxa6 19. Qxc6 Rc8 20. Qe4 Qc7 21. Qe5+ Qxe5 22. dxe5 Rc5 23. f4 g5 24. Ne4 Rc4 25. Nxg5 Rxf4 26. Rd7 Kg6 27. Nf3 Be2 28. Rxa7 Bxf3 29. Rf1 Rc8 30. Rxf3 Rc1+ 31. Kf2 Rc2+ 32. Kg3 Rxf3+ 33. Kxf3 Rxb2 34. h4 Rb5 35. Ra6 Rxe5 36. Rxb6 Ra5 37. Rb2 Ra3+ 38. Kf4 Ra4+ 39. Kg3 Ra3+ 40. Kh2 Kh5 41. g3 f5 42. Re2 Kg4 43. Rf2 e5 44. h5 e4 45. Rf4+ Kg5 46. h6 Rxa2+ 47. Kg1 Ra6 48. h7 Ra8 49. Rh4 Rh8 50. Kf2 Kg6 51. g4 fxg4 52. Rxg4+ Kxh7 53. Rxe4 Rf8+ 54. Ke3 Rf6 55. Re7+ Kg6 56. Re4 Rf7 57. Re5 Rf6 58. Ke4 Rf7 59. Re6+ Rf6 60. Rxf6+ Kxf6 1/2-1/2

[Event "I'M Not A GM Final KO"]
[Site "Chess.com INT"]
[Date "2023.10.16"]
[Round "1.18"]
[White "Trent, Lawrence"]
[Black "Shuvalova, Polina"]
[Result "0-1"]
[WhiteElo "2403"]
[BlackElo "2506"]
[PlyCount "66"]
[EventDate "2023.10.16"]
[EventType "k.o. (blitz)"]
[EventRounds "2"]
[EventCountry "USA"]
[SourceTitle "Mega2024 Update 01"]
[Source "Chessbase"]
[SourceDate "2023.11.12"]
[SourceVersion "1"]
[SourceVersionDate "2023.11.12"]
[SourceQuality "1"]

1. d4 Nf6 2. c4 e6 3. Nc3 d5 4. cxd5 Nxd5 5. Nf3 c5 6. e3 Nc6 7. Bd3 Be7 8. 0-0 0-0 9. Qe2 b6 10. Rd1 Bb7 11. dxc5 Bxc5 12. Nxd5 exd5 13. e4 dxe4 14. Bxe4 Qe7 15. Bxh7+ Kxh7 16. Ng5+ Kg6 17. Qd3+ f5 18. Qg3 f4 19. Bxf4 Rxf4 20. Qxf4 Qxg5 21. Qe4+ Kh6 22. Rd3 g6 23. Rad1 Rd8 24. h4 Qf6 25. a3 Qxf2+ 26. Kh2 Rxd3 27. Rxd3 Qg1+ 28. Kg3 Bf2+ 29. Kh3 Bc8+ 30. g4 Qf1+ 31. Kh2 Bg1+ 32. Kg3 Qf2+ 33. Kh3 Qh2# 0-1

[Event "I'M Not A GM Final KO"]
[Site "Chess.com INT"]
[Date "2023.10.16"]
[Round "1.24"]
[White "Trent, Lawrence"]
[Black "Shuvalova, Polina"]
[Result "0-1"]
[WhiteElo "2403"]
[BlackElo "2506"]
[PlyCount "120"]
[EventDate "2023.10.16"]
[EventType "k.o. (blitz)"]
[EventRounds "2"]
[EventCountry "USA"]
[SourceTitle "Mega2024 Update 01"]
[Source "Chessbase"]
[SourceDate "2023.11.12"]
[SourceVersion "1"]
[SourceVersionDate "2023.11.12"]
[SourceQuality "1"]

1. e4 e5 2. Nf3 Nc6 3. Bb5 a6 4. Ba4 Nf6 5. 0-0 Be7 6. d3 b5 7. Bb3 d6 8. a3 0-0 9. Nc3 Rb8 10. h3 h6 11. Ne2 Re8 12. Ng3 Bf8 13. Nh2 Be6 14. Bxe6 Rxe6 15. c3 d5 16. Qf3 d4 17. Ng4 Nxg4 18. hxg4 dxc3 19. bxc3 Qd7 20. Nf5 Rd8 21. Rd1 Ne7 22. g5 Nxf5 23. exf5 Rd6 24. gxh6 Rxd3 25. Rxd3 Qxd3 26. Be3 gxh6 27. Qg4+ Kh7 28. Qh5 Rd7 29. g4 Qe2 30. Qh3 e4 31. Kg2 Qf3+ 32. Qxf3 exf3+ 33. Kxf3 Rd3 34. Ke4 Rxc3 35. a4 Rc4+ 36. Ke5 Rxg4 37. axb5 axb5 38. f4 Kg7 39. f6+ Kg6 40. f5+ Kh7 41. Kd5 b4 42. Rc1 Bd6 43. Bc5 b3 44. Bxd6 cxd6 45. Kxd6 b2 46. Rb1 Rb4 47. Ke7 Rb7+ 48. Kf8 h5 49. Rh1 Kh6 50. Rb1 h4 51. Kg8 Kg5 52. Kg7 Kxf5 53. Rf1+ Kg5 54. Re1 b1Q 55. Re5+ Kg4 56. Re8 Qg6+ 57. Kf8 Qxf6 58. Re4+ Kf3 59. Rc4 Rb8+ 60. Rc8 Rxc8# 0-1

[Event "I'M Not A GM Gp-D"]
[Site "Chess.com INT"]
[Date "2023.10.13"]
[Round "3.1"]
[White "Kavutskiy, Konstantin"]
[Black "Trent, Lawrence"]
[Result "1-0"]
[WhiteElo "2394"]
[BlackElo "2403"]
[PlyCount "83"]
[EventDate "2023.10.13"]
[EventType "tourn (blitz)"]
[EventRounds "3"]
[EventCountry "USA"]
[EventCategory "5"]
[SourceTitle "Mega2024 Update 01"]
[Source "Chessbase"]
[SourceDate "2023.11.12"]
[SourceVersion "1"]
[SourceVersionDate "2023.11.12"]
[SourceQuality "1"]

1. Nf3 Nc6 2. d4 d6 3. e4 g6 4. c4 Bg7 5. Be3 Bg4 6. Be2 Bxf3 7. Bxf3 e5 8. d5 Nd4 9. Nc3 Ne7 10. Be2 0-0 11. Qd2 f5 12. f3 c5 13. dxc6 bxc6 14. 0-0 Rb8 15. b3 Kh8 16. Bd3 Ng8 17. Rad1 Nf6 18. h3 Nh5 19. Ne2 c5 20. Nc3 f4 21. Bf2 Qg5 22. Kh2 Bf6 23. Ne2 Bd8 24. Nxd4 exd4 25. Rb1 Nf6 26. b4 Bb6 27. bxc5 dxc5 28. a4 Nd7 29. a5 Bc7 30. Rb5 a6 31. Rb2 Bxa5 32. Qxa5 Rxb2 33. Bxd4+ Kg8 34. Bxb2 Ne5 35. Qc3 Re8 36. Be2 a5 37. Rd1 a4 38. Rd5 Qg3+ 39. Kh1 a3 40. Bxa3 Rb8 41. Rd1 Nf7 42. Bb2 1-0

[Event "I'M Not A GM Gp-D"]
[Site "Chess.com INT"]
[Date "2023.10.13"]
[Round "3.6"]
[White "Kavutskiy, Konstantin"]
[Black "Trent, Lawrence"]
[Result "0-1"]
[WhiteElo "2394"]
[BlackElo "2403"]
[PlyCount "68"]
[EventDate "2023.10.13"]
[EventType "tourn (blitz)"]
[EventRounds "3"]
[EventCountry "USA"]
[EventCategory "5"]
[SourceTitle "Mega2024 Update 01"]
[Source "Chessbase"]
[SourceDate "2023.11.12"]
[SourceVersion "1"]
[SourceVersionDate "2023.11.12"]
[SourceQuality "1"]

1. d4 d6 2. Nf3 Bg4 3. e4 g6 4. Be3 Bg7 5. Nbd2 Nf6 6. Bd3 Nc6 7. h3 Bd7 8. c3 e5 9. d5 Ne7 10. a4 Nh5 11. a5 a6 12. c4 0-0 13. c5 f5 14. cxd6 cxd6 15. Bb6 Qe8 16. 0-0 Nf4 17. Bc4 g5 18. exf5 Bxf5 19. Nh2 h5 20. Re1 Qg6 21. Ndf3 Be4 22. Rc1 Rf7 23. Rxe4 Qxe4 24. Bf1 Qf5 25. Rc7 Raf8 26. Rxb7 e4 27. Nd4 Nxh3+ 28. gxh3 Qxf2+ 29. Kh1 e3 30. Qxh5 Qxf1+ 31. Nxf1 Rxf1+ 32. Kg2 R8f2+ 33. Kg3 Be5+ 34. Kg4 Rg1# 0-1

[Event "I'M Not A GM Gp-D"]
[Site "Chess.com INT"]
[Date "2023.10.13"]
[Round "1.3"]
[White "Kulkarni, Rakesh"]
[Black "Trent, Lawrence"]
[Result "0-1"]
[WhiteElo "2321"]
[BlackElo "2403"]
[PlyCount "168"]
[EventDate "2023.10.13"]
[EventType "tourn (blitz)"]
[EventRounds "3"]
[EventCountry "USA"]
[EventCategory "5"]
[SourceTitle "Mega2024 Update 01"]
[Source "Chessbase"]
[SourceDate "2023.11.12"]
[SourceVersion "1"]
[SourceVersionDate "2023.11.12"]
[SourceQuality "1"]

1. e4 c6 2. c4 d5 3. cxd5 cxd5 4. exd5 Nf6 5. Qa4+ Nbd7 6. Nc3 g6 7. Bc4 Bg7 8. d3 0-0 9. Nf3 a6 10. Qa3 b6 11. 0-0 Bb7 12. Re1 Re8 13. Ng5 b5 14. Bb3 Nb6 15. d6 e6 16. Nge4 Nxe4 17. dxe4 Be5 18. Rd1 Qh4 19. g3 Qg4 20. Qc5 Bxc3 21. Qxc3 Qxe4 22. Kf1 Rac8 23. Qe3 Qg2+ 24. Ke1 Nd5 25. Qe5 f6 26. Qd4 Rcd8 27. Bf4 Kg7 28. Bxd5 exd5+ 29. Kd2 Re4 30. Qb6 Rd7 31. Re1 d4 32. Rxe4 Qxe4 33. Re1 Qf5 34. Re7+ Kf8 35. Qxd4 Rxe7 36. dxe7+ Kxe7 37. Qd6+ Ke8 38. Qb8+ Bc8 39. Qd6 Kf7 40. Qc7+ Bd7 41. Qd6 g5 42. Be3 h6 43. Qxa6 Qd5+ 44. Ke1 Bg4 45. Qa7+ Kg6 46. Qd4 Qf3 47. Kd2 h5 48. Kc3 Qc6+ 49. Kb4 Qa6 50. b3 Qxa2 51. Qd3+ Bf5 52. Qxb5 Qa8 53. Qc4 Qb7+ 54. Kc3 Be4 55. Qg8+ Kf5 56. Qc4 Kg4 57. f4 Kf3 58. Bd2 Qd7 59. Qd4 Qc6+ 60. Kb2 Qc2+ 61. Ka3 g4 62. Qe3+ Kg2 63. Kb4 Kxh2 64. Bc3 f5 65. Kc4 Kg2 66. b4 Qa2+ 67. Kc5 Qd5+ 68. Kb6 Qc6+ 69. Ka5 Qa8+ 70. Kb5 Qc6+ 71. Ka5 Qc7+ 72. Ka6 Qc4+ 73. b5 Bd3 74. Qd2+ Be2 75. Qb2 Kxg3 76. Ka5 Qxb5+ 77. Qxb5 Bxb5 78. Kxb5 h4 79. Be1+ Kh3 80. Kc4 g3 81. Kd3 Kg2 82. Ke3 h3 83. Bxg3 Kxg3 84. Ke2 Kg2 0-1

[Event "I'M Not A GM Gp-D"]
[Site "Chess.com INT"]
[Date "2023.10.13"]
[Round "3.3"]
[White "Trent, Lawrence"]
[Black "Kavutskiy, Konstantin"]
[Result "1-0"]
[WhiteElo "2403"]
[BlackElo "2394"]
[PlyCount "163"]
[EventDate "2023.10.13"]
[EventType "tourn (blitz)"]
[EventRounds "3"]
[EventCountry "USA"]
[EventCategory "5"]
[SourceTitle "Mega2024 Update 01"]
[Source "Chessbase"]
[SourceDate "2023.11.12"]
[SourceVersion "1"]
[SourceVersionDate "2023.11.12"]
[SourceQuality "1"]

1. Nc3 c5 2. Nf3 Nc6 3. d4 cxd4 4. Nxd4 Nf6 5. g3 g6 6. Bg2 Bg7 7. 0-0 0-0 8. h3 Nxd4 9. Qxd4 Qa5 10. Bd2 Qh5 11. g4 Qh4 12. Qe3 Re8 13. g5 Nh5 14. Nd5 Bd4 15. Qf3 Be5 16. Qg4 Qxg4 17. hxg4 Ng7 18. c3 Rb8 19. f4 Bd6 20. e4 b6 21. e5 Bc5+ 22. Kh2 a5 23. Rac1 a4 24. b4 axb3 25. axb3 Bb7 26. b4 Bxd5 27. Bxd5 e6 28. Bf3 Bf8 29. Be3 d6 30. Bd4 Red8 31. Ra1 Ne8 32. Ra6 Bg7 33. Bxb6 Rdc8 34. Bd4 dxe5 35. fxe5 Nc7 36. Rc6 Nb5 37. Rxc8+ Rxc8 38. Rb1 Nxc3 39. Rc1 Rc4 40. Bxc3 Rxc3 41. Rxc3 Bxe5+ 42. Kg2 Bxc3 43. b5 Bd4 44. Be4 Kf8 45. Kf3 Ke7 46. Bc6 Bb6 47. Kf4 Ba5 48. Kg3 Kd8 49. Kf4 Bd2+ 50. Ke5 Bxg5 51. b6 h5 52. Be8 Bh4 53. gxh5 Kxe8 54. hxg6 Kf8 55. b7 Kg7 56. Kf4 e5+ 57. Kg4 Bf6 58. b8Q Kxg6 59. Qb7 Bg7 60. Qe4+ Kf6 61. Qf5+ Ke7 62. Kf3 Bf6 63. Ke4 Bg7 64. Qg4 Bf6 65. Qe2 Bg7 66. Kf5 Bf8 67. Qb5 Bg7 68. Qb7+ Kf8 69. Qc8+ Ke7 70. Qc7+ Ke8 71. Ke4 Bf6 72. Kd5 Bg7 73. Qc8+ Ke7 74. Qf5 Bf6 75. Kc6 Bg7 76. Qd7+ Kf6 77. Kd6 Kg6 78. Qg4+ Kf6 79. Qf3+ Kg6 80. Kd5 f5 81. Ke6 e4 82. Qxf5+ 1-0

[Event "I'M Not A GM Gp-D"]
[Site "Chess.com INT"]
[Date "2023.10.13"]
[Round "1.5"]
[White "Trent, Lawrence"]
[Black "Kulkarni, Rakesh"]
[Result "1-0"]
[WhiteElo "2403"]
[BlackElo "2321"]
[PlyCount "43"]
[EventDate "2023.10.13"]
[EventType "tourn (blitz)"]
[EventRounds "3"]
[EventCountry "USA"]
[EventCategory "5"]
[SourceTitle "Mega2024 Update 01"]
[Source "Chessbase"]
[SourceDate "2023.11.12"]
[SourceVersion "1"]
[SourceVersionDate "2023.11.12"]
[SourceQuality "1"]

1. c4 e5 2. d3 Nc6 3. Nf3 d6 4. g3 Be7 5. Bg2 Be6 6. 0-0 Qd7 7. Nc3 h6 8. Nd5 f5 9. b4 Nf6 10. b5 Nd8 11. Nxe7 Qxe7 12. Ba3 Rb8 13. Nxe5 Rg8 14. Qa4 Nf7 15. b6+ Bd7 16. bxc7 Rc8 17. Nxd7 Qxd7 18. Qxa7 Rxc7 19. Rab1 Ke7 20. Rxb7 Rxb7 21. Qxb7 Ne5 22. Rb1 1-0

[Event "BL2-Nord 2223"]
[Site "Germany"]
[Date "2023.03.19"]
[Round "10.3"]
[White "Bruedigam, Martin"]
[Black "Trent, Lawrence"]
[Result "1/2-1/2"]
[WhiteElo "2375"]
[BlackElo "2403"]
[PlyCount "55"]
[EventDate "2022.10.22"]
[EventType "team-tourn"]
[EventRounds "10"]
[EventCountry "GER"]
[SourceTitle "EXT 2024"]
[Source "ChessBase"]
[SourceDate "2023.10.10"]
[SourceVersion "1"]
[SourceVersionDate "2023.10.10"]
[SourceQuality "1"]
[WhiteTeam "Koenig Tegel"]
[BlackTeam "Norderstedt"]
[WhiteTeamCountry "GER"]
[BlackTeamCountry "GER"]

1. d4 Nf6 2. c4 e6 3. Nc3 d5 4. cxd5 exd5 5. Bg5 c6 6. e3 Be7 7. Bd3 0-0 8. Qc2 Nbd7 9. Nf3 Re8 10. 0-0 h6 11. Bf4 Bb4 12. a3 Bxc3 13. bxc3 Nh5 14. Be5 Nhf6 15. Bf4 Nh5 16. Be5 Nhf6 17. c4 Nxe5 18. Nxe5 c5 19. Nxf7 Kxf7 20. Bg6+ Kg8 21. Bxe8 Qxe8 22. dxc5 Be6 23. cxd5 Bxd5 24. Qc3 Bc6 25. Qb3+ Bd5 26. Qc3 Bc6 27. Qb3+ Bd5 28. Qc3 1/2-1/2

[Event "BL2-Nord 2223"]
[Site "Germany"]
[Date "2023.03.18"]
[Round "9.3"]
[White "Trent, Lawrence"]
[Black "Baskin, Robert"]
[Result "1/2-1/2"]
[WhiteElo "2403"]
[BlackElo "2432"]
[PlyCount "24"]
[EventDate "2022.10.22"]
[EventType "team-tourn"]
[EventRounds "10"]
[EventCountry "GER"]
[SourceTitle "EXT 2024"]
[Source "ChessBase"]
[SourceDate "2023.10.10"]
[SourceVersion "1"]
[SourceVersionDate "2023.10.10"]
[SourceQuality "1"]
[WhiteTeam "Norderstedt"]
[BlackTeam "Zehlendorf"]
[WhiteTeamCountry "GER"]
[BlackTeamCountry "GER"]

1. d4 d5 2. Bf4 Nf6 3. Nc3 c5 4. e3 Bg4 5. Be2 Bxe2 6. Ngxe2 Nc6 7. Qd3 e6 8. 0-0 Be7 9. dxc5 Bxc5 10. e4 Nxe4 11. Nxe4 dxe4 12. Qxe4 0-0 1/2-1/2

[Event "Titled Tuesday intern op 7th Mar Early"]
[Site "Chess.com INT"]
[Date "2023.03.07"]
[Round "1"]
[White "Trent, Lawrence"]
[Black "Harriott, Tyrell"]
[Result "1-0"]
[WhiteElo "2403"]
[BlackElo "1892"]
[PlyCount "93"]
[EventDate "2023.03.07"]
[EventType "swiss (blitz)"]
[EventRounds "11"]
[EventCountry "USA"]
[SourceTitle "EXT 2024"]
[Source "ChessBase"]
[SourceDate "2023.10.10"]
[SourceVersion "1"]
[SourceVersionDate "2023.10.10"]
[SourceQuality "1"]

1. e3 e6 2. c4 d5 3. Nf3 c6 4. b3 f5 5. Bb2 Nf6 6. d3 Bd6 7. Be2 0-0 8. 0-0 Nbd7 9. Nc3 a6 10. Qc2 e5 11. cxd5 cxd5 12. d4 e4 13. Ng5 Qe7 14. Nh3 Kh8 15. Rac1 Qf7 16. Na4 h6 17. f4 Ng4 18. Qd2 Rg8 19. Nf2 Ngf6 20. Kh1 Qe7 21. g4 fxg4 22. Nxg4 Nxg4 23. Bxg4 b5 24. Bxd7 Bxd7 25. Nb6 Be6 26. Nxa8 Rxa8 27. Rc6 Qd7 28. Rfc1 Bg4 29. Qf2 Bf3+ 30. Kg1 Rf8 31. Qh4 Rf6 32. R1c2 Rg6+ 33. Kf1 Rg4 34. Rc8+ Kh7 35. Qd8 Rg1+ 36. Kxg1 Qg4+ 37. Kf1 Qh3+ 38. Ke1 Bb4+ 39. Bc3 Qh4+ 40. Qxh4 Ba3 41. Bb2 Bb4+ 42. Kf2 Kg6 43. R2c6+ Kh7 44. Rxh6+ gxh6 45. Rc7+ Kg8 46. Qd8+ Bf8 47. Ba3 1-0

[Event "Titled Tuesday intern op 28th Feb Early"]
[Site "Chess.com INT"]
[Date "2023.02.28"]
[Round "2"]
[White "Bluebaum, Matthias"]
[Black "Trent, Lawrence"]
[Result "1-0"]
[WhiteElo "2663"]
[BlackElo "2402"]
[PlyCount "67"]
[EventDate "2023.02.28"]
[EventType "swiss (blitz)"]
[EventRounds "11"]
[EventCountry "USA"]
[SourceTitle "CBM 213 Extra"]
[Source "ChessBase"]
[SourceDate "2023.05.31"]
[SourceVersion "1"]
[SourceVersionDate "2023.05.31"]
[SourceQuality "1"]

1. d4 Nf6 2. c4 e6 3. Nc3 d5 4. cxd5 exd5 5. Bf4 c6 6. e3 Bf5 7. f3 Bd6 8. g4 Be6 9. h4 Qc7 10. Nge2 Nbd7 11. Qd2 h5 12. g5 Ng8 13. Rc1 Bxf4 14. Nxf4 Qd6 15. e4 Ne7 16. Bg2 Ng6 17. Nxg6 fxg6 18. f4 0-0 19. 0-0 dxe4 20. Nxe4 Qe7 21. Rce1 Rae8 22. Nc3 Qd6 23. d5 Bf5 24. Qf2 c5 25. Ne4 Qb6 26. Ng3 Bg4 27. b3 Qc7 28. Ne4 b6 29. d6 Qb8 30. Qd2 Bf5 31. Ng3 Bg4 32. Re7 b5 33. Rfe1 Qb6 34. Rxe8 1-0

[Event "Titled Tuesday intern op 28th Feb Late"]
[Site "Chess.com INT"]
[Date "2023.02.28"]
[Round "1"]
[White "Trent, Lawrence"]
[Black "Fernandez Garcia, Gumersindo"]
[Result "1/2-1/2"]
[WhiteElo "2402"]
[BlackElo "2172"]
[PlyCount "79"]
[EventDate "2023.02.28"]
[EventType "swiss (blitz)"]
[EventRounds "11"]
[EventCountry "USA"]
[SourceTitle "CBM 213 Extra"]
[Source "ChessBase"]
[SourceDate "2023.05.31"]
[SourceVersion "1"]
[SourceVersionDate "2023.05.31"]
[SourceQuality "1"]

1. e4 c5 2. Nc3 g6 3. d4 cxd4 4. Qxd4 Nf6 5. Bb5 a6 6. e5 axb5 7. exf6 Nc6 8. Qe3 d5 9. fxe7 Bxe7 10. Qh6 b4 11. Nce2 Bf5 12. Nf3 Bf8 13. Qd2 Bg7 14. 0-0 0-0 15. Ned4 Be4 16. Nxc6 bxc6 17. Qxb4 Bxf3 18. gxf3 Rb8 19. Qg4 Bxb2 20. Bxb2 Rxb2 21. a4 Rxc2 22. a5 Rc4 23. Qg3 Qe7 24. a6 Ra8 25. Rfb1 Rb4 26. Rxb4 Qxb4 27. Qc7 Qc3 28. Rb1 Kg7 29. a7 Qa3 30. Qe5+ Kh6 31. Qf4+ Kg7 32. Qd4+ Kh6 33. Rb7 Qxf3 34. Rb8 Rxa7 35. Qxa7 Qd1+ 36. Kg2 Qg4+ 37. Kf1 Qd1+ 38. Kg2 Qg4+ 39. Kf1 Qd1+ 40. Kg2 1/2-1/2